000 00333nam a2200133 a 4500
008 990520s1989||||xx 0 und c
040 _aSNK
_bslo
_cSNK
_eAACR2
245 1 0 _aSlovník spisovného jazyka českého III
_bM - O
260 _aPraha
_bAcademia
_c1989
300 _a637 s.cf h
020 _c78
041 _aces
044 _aCZ
999 _c17739
_d17739